000 01634nam a22002177a 4500
005 20220406145227.0
008 220406b ||||| |||| 00| 0 eng d
020 _a0876091982
040 _cAL
041 _aEnglish
082 _223
_a327.73
_bHAAR
100 _aRichard N Haass
_928060
245 _aReluctant Sheriff: The United States After the Cold War
260 _aNewYork
_bCouncil on Foreign Relations
_c1997
300 _a148 p.
_bPB
_c23x15 cm.
520 _aIt is now seven years since the end of the Cold War—and still there is no name for the present era, much less an American foreign policy to replace the obsolete doctrine of containment. The Reluctant Sheriff fills this void. It is the first book to provide a comprehensive understanding of the post-Cold War world and a compass to help the United States navigate it.Richard Haass proposes that the United States adopt a new foreign policy—"regulation"—and work to promote order in an often unruly world. Haass suggests that the United States will often need to assume the role of global sheriff, forging coalitions or posses of states and others for specific tasks. Haass also argues that Americans need to resist the lure of isolationism and maintain spending on defense, intelligence, foreign aid, and diplomacy at current (and affordable) levels. He warns that anything less risks squandering the spoils of winning the Cold War—and setting the stage for a new era of dangerous global competition.
650 _aCold War
_928061
650 _aUnited States -- Foreign relations1989
_928062
700 _aHAASS (Richard N)
_928063
942 _2ddc
_cGF
999 _c222230
_d222230